00479 a2200205 4500260001000000100001400010700001900024260001400043245004000057300001100097650003100108260000900139300002400148130000700172035001000179035001000189440002900199500002700228020001800255 aParis aLUCAS, F. aCHARRUAULT, P. bDelagrave aL'Electronique de l'électronicien a287 p. a c1988 bill., fig. ; 28 cm. lFr a12056 a12057 a(Génie électronique) aBibliographie page 320 a2-206-00631-6